02159cam a22004095i 4500999001700000001001000017003000900027005001700036008004100053020002500094040004500119082001900164100002700183245006100210246005700271246004500328264004300373264001000416264007800426300002300504336002100527337002300548338003200571490001800603504004100621520064900662600006201311650003001373650004201403650002801445650003901473653002801512655001701540776003501557942001201592952014501604 c27613d27584018864526EG-ScBUE20190911112942.0180501t2018 enk f b 000 0 eng d z9781912453139 (pbk.) aStDuBDSbengerdacStDuBDSdUkdEG-ScBUE04a808.1bHAY2221 aHaydon, Liam,eauthor.10aSir Philip Sidney's the defence of poesy /cLiam Haydon.33aAnalysis of Sir Philip Sidney's the defence of poesy3 aSir Philip Sidney's the defense of poesy 1aLondon :bMacat International,c[2018] 4cc2018 2aAbingdon ;aNew York :bDistributed by Routledge / Taylor & Francis Group a78 pages ;c22 cm. atext2rdacontent acomputer2rdamedia aonline resource2rdacarrier0 aMacat library aIncludes bibliographical references. a"The Defence of Poesy is the first major piece of literary criticism in English. Taking aim at classical authors who disparaged poetry, and contemporary critics who saw literature as a corrupting influence, Sidney foregrounds the moral force of poetry. Sidney considers the real life affects of poetry upon the reader arguing that the stories instill virtues like courage in the reader. He combines this moral argument with a discussion of the technical features like genre, metre and rhyme. The Defence of Poesy thus began a long tradition of poets writing about poetry and is a touchstone for modern poetic criticism."--Provided by publisher.17aSidney, Philip,d1554-1586.tApologie for poetrie.2BUEsh 7aLiterature.2BUEsh918876 7aLiteraturexPhilosophy.2BUEsh924262 7aCritical theory.2BUEsh 7aPoetryvEarly works to 18002BUEsh bHHUUEENNcSeptember2019 vReading book08iPrint version :z9781912453580 2ddccBB 00102ddc40708BaccahaMAINbMAINc2NDd2019-09-11ePurchaseg198.00l0o808.1 HAYp000048055r2025-07-15 00:00:00v247.50w2019-09-11yBB